<?xml version="1.0" encoding="UTF-8"?>
<record
    xmlns:xsi="http://www.w3.org/2001/XMLSchema-instance"
    xsi:schemaLocation="http://www.loc.gov/MARC21/slim http://www.loc.gov/standards/marcxml/schema/MARC21slim.xsd"
    xmlns="http://www.loc.gov/MARC21/slim">

  <leader>02596nam a2200517 i 4500</leader>
  <controlfield tag="003">KOSZ 005</controlfield>
  <controlfield tag="005">20200616113400.0</controlfield>
  <controlfield tag="008">150115s2002    pl a   f m   |000 0 pol d</controlfield>
  <datafield tag="035" ind1=" " ind2=" ">
    <subfield code="a">2351</subfield>
  </datafield>
  <datafield tag="040" ind1=" " ind2=" ">
    <subfield code="c">KOSZ 005</subfield>
    <subfield code="a">KOSZ 005</subfield>
    <subfield code="d">KOSZ 005/EG</subfield>
  </datafield>
  <datafield tag="041" ind1=" " ind2=" ">
    <subfield code="a">pol</subfield>
    <subfield code="b">eng</subfield>
    <subfield code="b">ger</subfield>
  </datafield>
  <datafield tag="044" ind1=" " ind2=" ">
    <subfield code="a">POL</subfield>
  </datafield>
  <datafield tag="046" ind1=" " ind2=" ">
    <subfield code="a">2002</subfield>
  </datafield>
  <datafield tag="080" ind1=" " ind2=" ">
    <subfield code="a">620.17-037</subfield>
  </datafield>
  <datafield tag="084" ind1=" " ind2=" ">
    <subfield code="a">630000</subfield>
  </datafield>
  <datafield tag="100" ind1="1" ind2=" ">
    <subfield code="a">Zagubie&#x144;, Adam.</subfield>
    <subfield code="e">Autor</subfield>
  </datafield>
  <datafield tag="245" ind1="1" ind2="0">
    <subfield code="a">Badania laboratoryjne i identyfikacja niespr&#x119;&#x17C;ystych w&#x142;a&#x15B;ciwo&#x15B;ci materia&#x142;owych tkaniny powlekanej typu "PANAMA" :</subfield>
    <subfield code="b">praca doktorska /</subfield>
    <subfield code="c">Adam Zagubie&#x144; ; Politechnika Koszali&#x144;ska. Wydzia&#x142; Budownictwa i In&#x17C;ynierii &#x15A;rodowiska. Katedra Mechaniki Budowli.</subfield>
  </datafield>
  <datafield tag="260" ind1=" " ind2=" ">
    <subfield code="a">Koszalin :</subfield>
    <subfield code="b">[s.n.],</subfield>
    <subfield code="c">2002.</subfield>
  </datafield>
  <datafield tag="300" ind1=" " ind2=" ">
    <subfield code="a">96 stron :</subfield>
    <subfield code="b">ilustracje ;</subfield>
    <subfield code="c">30 cm +</subfield>
    <subfield code="e">za&#x142;&#x105;cznik : 1 dysk optyczny (CD ROM) ; 2 recenzje.</subfield>
  </datafield>
  <datafield tag="336" ind1=" " ind2=" ">
    <subfield code="2">rdacontent</subfield>
    <subfield code="a">Tekst</subfield>
    <subfield code="b">txt</subfield>
  </datafield>
  <datafield tag="337" ind1=" " ind2=" ">
    <subfield code="2">rdamedia</subfield>
    <subfield code="a">Bez urz&#x105;dzenia po&#x15B;rednicz&#x105;cego</subfield>
    <subfield code="b">n</subfield>
  </datafield>
  <datafield tag="337" ind1=" " ind2=" ">
    <subfield code="2">rdamedia</subfield>
    <subfield code="a">Komputer</subfield>
    <subfield code="b">c</subfield>
  </datafield>
  <datafield tag="338" ind1=" " ind2=" ">
    <subfield code="2">rdacarrier</subfield>
    <subfield code="a">Wolumin</subfield>
    <subfield code="b">nc</subfield>
  </datafield>
  <datafield tag="338" ind1=" " ind2=" ">
    <subfield code="2">rdacarrier</subfield>
    <subfield code="a">Dysk komputerowy</subfield>
    <subfield code="b">cd</subfield>
  </datafield>
  <datafield tag="500" ind1=" " ind2=" ">
    <subfield code="a">Druk jednostronny.</subfield>
  </datafield>
  <datafield tag="502" ind1=" " ind2=" ">
    <subfield code="a">Rozprawa doktorska. Politechnika Koszali&#x144;ska. 2002.</subfield>
  </datafield>
  <datafield tag="504" ind1=" " ind2=" ">
    <subfield code="a">Bibliografia na stronach 91-95.</subfield>
  </datafield>
  <datafield tag="506" ind1=" " ind2=" ">
    <subfield code="a">Dost&#x119;pne online na zasadzie licencji Creative Commons wersja BY-NC 4.0.</subfield>
  </datafield>
  <datafield tag="520" ind1=" " ind2=" ">
    <subfield code="a">Przedmiotem pracy jest pr&#xF3;ba zastosowania lepkoplastycznych modeli konstytutywnych do opisu w&#x142;a&#x15B;ciwo&#x15B;ci materia&#x142;owych tkaniny tekstylnej powlekanej PANAMA. W pracy ustalono program bada&#x144; laboratoryjnych niezb&#x119;dnych do okre&#x15B;lenia tych wielko&#x15B;ci. Wykonano identyfikacj&#x119; parametr&#xF3;w materia&#x142;owych dla dw&#xF3;ch modeli lepkoplastycznych zwi&#x105;zk&#xF3;w konstytutywnych. Przeprowadzono weryfikacj&#x119; obliczonych parametr&#xF3;w poprzez por&#xF3;wnanie bada&#x144; laboratoryjnych z symulacj&#x105; numeryczn&#x105; tych pr&#xF3;b wykonan&#x105; na podstawie wyznaczonych parametr&#xF3;w.</subfield>
  </datafield>
  <datafield tag="653" ind1=" " ind2=" ">
    <subfield code="a">Konstrukcje budowlane</subfield>
  </datafield>
  <datafield tag="653" ind1=" " ind2=" ">
    <subfield code="a">Pow&#x142;oki tekstylne</subfield>
  </datafield>
  <datafield tag="653" ind1=" " ind2=" ">
    <subfield code="a">Przekrycia wisz&#x105;ce</subfield>
  </datafield>
  <datafield tag="653" ind1=" " ind2=" ">
    <subfield code="a">Badania reologiczne</subfield>
  </datafield>
  <datafield tag="653" ind1=" " ind2=" ">
    <subfield code="a">Spr&#x119;&#x17C;ysto&#x15B;&#x107;</subfield>
  </datafield>
  <datafield tag="653" ind1=" " ind2=" ">
    <subfield code="a">Lepkoplastyczno&#x15B;&#x107;</subfield>
  </datafield>
  <datafield tag="653" ind1=" " ind2=" ">
    <subfield code="a">Analiza numeryczna</subfield>
  </datafield>
  <datafield tag="658" ind1=" " ind2=" ">
    <subfield code="a">Architektura i budownictwo</subfield>
  </datafield>
  <datafield tag="658" ind1=" " ind2=" ">
    <subfield code="a">In&#x17C;ynieria i technika</subfield>
  </datafield>
  <datafield tag="655" ind1=" " ind2="4">
    <subfield code="a">Rozprawa doktorska</subfield>
  </datafield>
  <datafield tag="700" ind1="1" ind2=" ">
    <subfield code="a">K&#x142;osowski, Pawe&#x142;.</subfield>
    <subfield code="e">Promotor</subfield>
  </datafield>
  <datafield tag="700" ind1="1" ind2=" ">
    <subfield code="a">Filipkowski, Jan.</subfield>
    <subfield code="e">Recenzja</subfield>
  </datafield>
  <datafield tag="700" ind1="1" ind2=" ">
    <subfield code="a">Woznica, Krzysztof.</subfield>
    <subfield code="e">Recenzja</subfield>
  </datafield>
  <datafield tag="710" ind1="2" ind2=" ">
    <subfield code="a">Wydzia&#x142; Budownictwa i In&#x17C;ynierii &#x15A;rodowiska (Politechnika Koszali&#x144;ska).</subfield>
  </datafield>
  <datafield tag="942" ind1=" " ind2=" ">
    <subfield code="c">DOK</subfield>
    <subfield code="2">UKD</subfield>
  </datafield>
  <datafield tag="999" ind1=" " ind2=" ">
    <subfield code="c">2351</subfield>
    <subfield code="d">2351</subfield>
  </datafield>
  <datafield tag="952" ind1=" " ind2=" ">
    <subfield code="0">0</subfield>
    <subfield code="1">0</subfield>
    <subfield code="3">2 recenzje</subfield>
    <subfield code="4">0</subfield>
    <subfield code="7">1</subfield>
    <subfield code="a">BPK</subfield>
    <subfield code="b">BPK</subfield>
    <subfield code="c">i</subfield>
    <subfield code="o">RD 062</subfield>
    <subfield code="p">00901031</subfield>
    <subfield code="y">DOK</subfield>
  </datafield>
</record>
